| 000 | 00757cam a22002297a 4500 | ||
|---|---|---|---|
| 003 | MX-MxUPN | ||
| 005 | 20231026111713.0 | ||
| 008 | 230912s1982 mx| |||frb||| 001 0 spa d | ||
| 020 | _a9685803676 | ||
| 040 |
_aMX-MxUPN _bspa |
||
| 050 | 4 |
_aZ6671.52 P78 _bC65 1982 |
|
| 100 | 1 |
_950450 _aCollado Andón, Rolando |
|
| 100 | 1 |
_950451 _aCastro Campillo, Galia |
|
| 100 | 1 |
_950453 _aCáceres Castro, Elías |
|
| 245 | 1 | 0 |
_aSalud mental y enfermedad mental en América Latina : _bbibliografía sociológica |
| 250 | _aPrimera edición | ||
| 260 |
_aMéxico, D.F : _bUNAM, _c1982 |
||
| 300 | _a101 páginas | ||
| 650 | 4 |
_950454 _aSalud mental _xAspectos sociológicos _yBibliografía |
|
| 902 |
_aGCH120923 _bVíctorGodínez/261023 |
||
| 942 |
_2lcc _cLIBRO |
||
| 999 |
_c210276 _d210276 |
||